000 00269nam a2200121Ia 4500
008 190216s9999||||xx |||||||||||||| ||und||
100 _aCherian Cv
245 0 _aSocial Studies
260 _bVidyarthimithram
_c1975
300 _a196p
650 _aEconomics
942 _cBK
999 _c9679
_d9679